Daňový systém Slovenskej republiky s ohľadom na ekologické dane diplomová práca

Salvato in:
Dettagli Bibliografici
Autore principale: Lapošová, Kristína
Ente Autore: Fakulta podnikového manažmentu EU. Katedra podnikových financií
Altri autori: Vavrová, Katarína, 1960-
Natura: Libro
Lingua:slovacco
Pubblicazione: Bratislava 2013
Tags: Aggiungi Tag
Nessun Tag, puoi essere il primo ad aggiungerne!!

MARC

LEADER 00000nbm a2200000 4500
001 0170726
005 20161109102406.7
041 0 |a slo 
044 |a SK 
245 1 0 |a Daňový systém Slovenskej republiky s ohľadom na ekologické dane  |b diplomová práca  |c Kristína Lapošová ; školiteľ: Katarína Vavrová 
264 1 |a Bratislava  |c 2013 
300 |a 97 s. 
100 1 |a Lapošová, Kristína 
700 1 |a Vavrová, Katarína, 1960- 
710 2 |a Fakulta podnikového manažmentu EU. Katedra podnikových financií